000 00777cam a22002291 4500
001 ca 31000580
003 DLC
005 20260227111125.0
008 790523s1928 xx 000 0 pol
010 _aca 31000580
035 _a(OCoLC)4992912
040 _aDLC
_cOU
_dOT
_dDLC
042 _apremarc
050 0 0 _aPR6005.O4
_bN586
100 1 _aConrad, Joseph,
_d1857-1924.
245 1 0 _aNostromo;
_bpowieść z pobrzeża morskiego, z przedmowa autora ...
_cprzełożył Stanisław Wyrzykowski.
260 _aWarszawa,
_bDom ksiażki polskiej spółka akcyjna,
_c1928.
300 _a2 v.
_bport.
_c21 cm.
490 0 _aPisma zbiorowe Josepha Conrada ...
505 0 _at. 1. Srebro kapalni. Izabele.--t. 2. Latarina moroka.
700 1 _aWyrzykowski, Stanisław,
_d1873-
_etr.
999 _c16830
_d16830